00650nab a2200193uuc4500001000800000005001700008008004100025035001200066035002100078040001300099041000800112100003800120245009600158650003600254650003700290773010000327942001000427999001900437107986420240202084805.0080512e20070701 spa  a1079864 a(OCoLC)820408555 ccomduadb aspa10aBarraza, Arturo4auteaut945757213aLa formacion docente bajo una conceptualizacion comprehensiva y un enfoque por competencias aFormación de docentes9175860 aCompetencias del docente91670690 tEstudios Pedagógicos (Chile)gVol. 33, No. 02, Jul. 2007, p. 131-153w115769z0716050X093223 cARIMP c459635d459635